Informacionnyje technologii objekt sredstvo i instrument obučenija
Definovanie základných otázok týkajúcich sa využívania informačných technológií v sfére vyučovania, vedy a výskumu.
Saved in:
| Main Author: | |
|---|---|
| Other Authors: | , |
| Format: | Book Chapter |
| Language: | Russian |
| Subjects: | |
| Tags: |
No Tags, Be the first to tag this record!
|
MARC
| LEADER | 00000naa a2200000 4500 | ||
|---|---|---|---|
| 001 | 0149486 | ||
| 005 | 20240502072704.1 | ||
| 041 | 0 | |a rus | |
| 044 | |a SK | ||
| 245 | 1 | 0 | |a Informacionnyje technologii objekt sredstvo i instrument obučenija |c Jaroslav Kultán, Meruet Serik, Aytuhan Alzhanov |
| 520 | |a Definovanie základných otázok týkajúcich sa využívania informačných technológií v sfére vyučovania, vedy a výskumu. | ||
| 610 | 2 | 0 | |a kvalita vzdelávania |
| 610 | 2 | 0 | |a veda |
| 610 | 2 | 0 | |a výučba vedecká |
| 610 | 2 | 0 | |a vyučovanie |
| 610 | 2 | 0 | |a technológie informačné |
| 100 | 1 | |a Kultan, Jaroslav, 1960- | |
| 700 | 1 | |a Serik, Meruet | |
| 700 | 1 | |a Alzhanov, Aytuhan | |